[Event "SV Erkenschwick 1 - SV Wattenscheid 1"]
[Site "Oberliga NRW 2018/2019"]
[Date "2018.10.14"]
[Round "2.5"]
[White "Straeter, Timo"]
[Black "Langers, Alexander"]
[Result "1-0"]
[WhiteElo "2339"]
[BlackElo "2206"]
[PlyCount "63"]
[EventDate "2018.??.??"]
[WhiteTeam "SV Wattenscheid 1"]
[BlackTeam "SV Erkenschwick 1"]

1. d4 d5 2. c4 e6 3. Nc3 c6 4. e3 Nf6 5. Nf3 Nbd7 6. Qc2 Bd6 7. Bd3 O-O 8. O-O
dxc4 9. Bxc4 e5 10. Bb3 exd4 11. exd4 Qa5 12. Bg5 h6 13. Bxh6 Qh5 14. Bd2 Nb6
15. Rfe1 Bf5 16. Qc1 Nbd5 17. Nxd5 cxd5 18. Bf4 Bb4 19. Re5 Rac8 20. Qd1 Qg4
21. Bg3 Be4 22. h3 Qd7 23. Bh4 Qc6 24. Bxf6 gxf6 25. Rxe4 dxe4 26. Nh4 Qb5 27.
d5 Qd7 28. Qh5 Bd2 29. Nf5 Bg5 30. Qg4 Kh7 31. d6 Rfe8 32. Qh5+ 1-0

[Event "SV Erkenschwick 1 - SV Wattenscheid 1"]
[Site "Oberliga NRW 2018/2019"]
[Date "2018.10.14"]
[Round "2.6"]
[White "Homs, Guust"]
[Black "Wengenroth, Walter"]
[Result "0-1"]
[WhiteElo "2186"]
[BlackElo "2223"]
[PlyCount "110"]
[EventDate "2018.??.??"]
[WhiteTeam "SV Erkenschwick 1"]
[BlackTeam "SV Wattenscheid 1"]

1. e4 c5 2. c3 Nf6 3. e5 Nd5 4. d4 cxd4 5. Nf3 e6 6. cxd4 d6 7. a3 Bd7 8. Bd3
Bc6 9. O-O Nd7 10. Re1 dxe5 11. dxe5 g6 12. Bg5 Qc7 13. Nbd2 Bg7 14. Nc4 O-O
15. Rc1 N5b6 16. Bf4 Nxc4 17. Rxc4 Qa5 18. Nd4 Bd5 19. Rc3 a6 20. b4 Qd8 21.
Qe2 Rc8 22. Rxc8 Qxc8 23. Rc1 Qb8 24. Nf3 Bxf3 25. Qxf3 Bxe5 26. Bh6 Rc8 27. g3
Bg7 28. Rxc8+ Qxc8 29. Bf4 Nf6 30. h4 h5 31. Kg2 Nd5 32. Bd6 Qc6 33. Bb8 Qc8
34. Bd6 Qc6 35. Bb8 Qc3 36. Be4 Qxf3+ 37. Bxf3 b5 38. Bd1 Bb2 39. a4 Nxb4 40.
axb5 axb5 41. Be2 Nc6 42. Bd6 b4 43. Bf3 Be5 44. Bc5 Bd4 45. Bd6 Ne5 46. Bd1
Nd3 47. f3 Kg7 48. f4 f5 49. Kf3 e5 50. fxe5 Bxe5 51. Be7 Kf7 52. Bg5 Nc5 53.
Be3 Ne4 54. Bf2 Kf6 55. Ba4 b3 0-1

[Event "SV Erkenschwick 1 - SV Wattenscheid 1"]
[Site "Oberliga NRW 2018/2019"]
[Date "2018.10.14"]
[Round "2.7"]
[White "Sandkamp, Ralph"]
[Black "Krings, Christoph"]
[Result "1/2-1/2"]
[WhiteElo "2178"]
[BlackElo "2157"]
[PlyCount "41"]
[EventDate "2018.??.??"]
[WhiteTeam "SV Wattenscheid 1"]
[BlackTeam "SV Erkenschwick 1"]

1. e4 e6 2. d4 d5 3. Nc3 Nf6 4. Bg5 Be7 5. Bxf6 Bxf6 6. Nf3 c5 7. exd5 exd5 8.
Bb5+ Nc6 9. Qe2+ Be6 10. Nxd5 Qxd5 11. c4 Qd8 12. d5 O-O 13. dxe6 Re8 14. Bxc6
bxc6 15. O-O Rxe6 16. Qc2 Qa5 17. a3 Rae8 18. Rab1 g6 19. Qb3 Re2 20. h3 Kg7
21. Rfd1 1/2-1/2

[Event "SV Erkenschwick 1 - SV Wattenscheid 1"]
[Site "Oberliga NRW 2018/2019"]
[Date "2018.10.14"]
[Round "2.8"]
[White "Strozewski, Frank"]
[Black "Kaehmann, Joerg"]
[Result "1/2-1/2"]
[WhiteElo "1957"]
[BlackElo "2122"]
[PlyCount "125"]
[EventDate "2018.??.??"]
[WhiteTeam "SV Erkenschwick 1"]
[BlackTeam "SV Wattenscheid 1"]

1. c4 c5 2. Nc3 Nc6 3. g3 g6 4. Bg2 Bg7 5. d3 e6 6. e4 Nge7 7. Nge2 d6 8. O-O
O-O 9. h3 b6 10. Kh2 Bb7 11. Be3 Rc8 12. Qd2 Qd7 13. Rad1 d5 14. exd5 exd5 15.
Nxd5 Nxd5 16. Bxd5 Ne5 17. Bxb7 Qxb7 18. Ng1 Rcd8 19. Qe2 Rfe8 20. d4 cxd4 21.
Bxd4 Nc6 22. Be3 Nd4 23. Qe1 h5 24. Qb4 Nf3+ 25. Nxf3 Qxf3 26. Rxd8 Rxd8 27. c5
bxc5 28. Bxc5 Be5 29. Qe1 Re8 30. Kg1 Re6 31. Qd1 Qf5 32. b4 Qxh3 33. Qd8+ Kh7
34. Qg5 Bf6 35. Qf4 g5 36. Qf3 Kg6 37. Bxa7 Be5 38. Rd1 h4 39. b5 hxg3 40. fxg3
Bxg3 41. Qg2 Qg4 42. Rf1 Re2 43. Bf2 Bxf2+ 44. Rxf2 Re1+ 45. Rf1 Rxf1+ 46. Kxf1
Qf5+ 47. Kg1 Qc5+ 48. Qf2 Qxb5 49. Qc2+ Qf5 50. Qc6+ Kh5 51. a4 Qg4+ 52. Kf2
Qd4+ 53. Kg2 g4 54. Qe8 Qd5+ 55. Kg1 Qd1+ 56. Kh2 Qd2+ 57. Kg1 Qd4+ 58. Kh2
Qf2+ 59. Kh1 Kh4 60. Qh8+ Kg3 61. Qe5+ Kh3 62. Qh5+ Kg3 63. Qe5+ 1/2-1/2

[Event "SV Wattenscheid 1 - SG Bochum 1"]
[Site "Oberliga NRW 2018/2019"]
[Date "2018.11.18"]
[Round "3.1"]
[White "Friedmann, Rafael"]
[Black "Koscielski, Janusz"]
[Result "1-0"]
[WhiteElo "2417"]
[BlackElo "2281"]
[PlyCount "125"]
[EventDate "2018.??.??"]
[WhiteTeam "SG Bochum 1"]
[BlackTeam "SV Wattenscheid 1"]

1. Nf3 Nf6 2. g3 g6 3. b3 Bg7 4. Bb2 d6 5. d4 c5 6. Bg2 cxd4 7. Nxd4 d5 8. c4
dxc4 9. bxc4 Qb6 10. Qc2 O-O 11. O-O Nc6 12. Nxc6 bxc6 13. Nd2 Be6 14. Nb3 Rad8
15. Rab1 c5 16. Rfc1 Qc7 17. Qc3 Ne8 18. Qe3 Rc8 19. Bxg7 Nxg7 20. Qc3 Nf5 21.
Bd5 Bd7 22. e3 e6 23. Bg2 Bc6 24. Rd1 Bxg2 25. Kxg2 Rfd8 26. f3 Rd6 27. Rxd6
Qxd6 28. Rb2 Qa6 29. Nd2 Nd6 30. Rc2 Qa4 31. e4 Rb8 32. g4 h6 33. e5 Ne8 34.
Nb3 Qa3 35. Qe3 a5 36. Kf2 Rc8 37. Qxh6 a4 38. Nc1 Rd8 39. Qe3 Qb4 40. Ne2 Qb1
41. Qc1 Qb8 42. Qg5 Rd3 43. Ng3 Qb1 44. Re2 Rd4 45. Qe7 Qb8 46. Ne4 Qd8 47.
Qxc5 Rd1 48. Qe3 Rd3 49. Qf4 Qd4+ 50. Kg2 Rd1 51. Rf2 Kg7 52. c5 a3 53. Qg5 Qd7
54. Rd2 Rxd2+ 55. Qxd2 Qb5 56. Kg3 Nc7 57. Nd6 Qxc5 58. Qf4 Qg1+ 59. Kh3 Qf1+
60. Kh4 Nd5 61. Qxf7+ Kh8 62. Kg5 Qc1+ 63. f4 1-0

[Event "SV Wattenscheid 1 - SG Bochum 1"]
[Site "Oberliga NRW 2018/2019"]
[Date "2018.11.18"]
[Round "3.2"]
[White "Thiel, Thomas"]
[Black "Kotainy, Jens"]
[Result "1/2-1/2"]
[WhiteElo "2257"]
[BlackElo "2428"]
[Annotator "Daniel"]
[PlyCount "48"]
[EventDate "2018.??.??"]
[WhiteTeam "SV Wattenscheid 1"]
[BlackTeam "SG Bochum 1"]

1. e4 e6 2. d4 d5 3. Nd2 h6 4. Ngf3 Nf6 5. e5 Nfd7 6. c4 c5 7. cxd5 exd5 8. Bd3
Qb6 9. O-O Be7 10. Re1 O-O 11. Nf1 cxd4 12. Ng3 Nc5 13. Nxd4 Nxd3 14. Qxd3 Bc5
15. Be3 Nc6 $11 16. Nxc6 bxc6 17. Bxc5 Qxc5 18. Rac1 Qb6 19. Nh5 g6 20. Nf6+
Kg7 21. Qc3 Be6 22. Red1 Rfd8 23. Qxc6 Qxb2 24. Qxe6 fxe6 1/2-1/2

[Event "SV Wattenscheid 1 - SG Bochum 1"]
[Site "Oberliga NRW 2018/2019"]
[Date "2018.11.18"]
[Round "3.3"]
[White "Hendriks, Willy"]
[Black "Schiffer, Kai-Uwe"]
[Result "1-0"]
[WhiteElo "2364"]
[BlackElo "2247"]
[PlyCount "133"]
[EventDate "2018.??.??"]
[WhiteTeam "SG Bochum 1"]
[BlackTeam "SV Wattenscheid 1"]

1. e4 c5 2. Nf3 e6 3. c3 d5 4. e5 d4 5. g3 b6 6. Bg2 Bb7 7. O-O Nc6 8. cxd4
cxd4 9. d3 Nge7 10. Nbd2 Qd7 11. Re1 Nd5 12. Nb3 Be7 13. Bg5 O-O 14. Bxe7 Qxe7
15. a3 Rfd8 16. Rc1 Nc7 17. Nfxd4 Nxd4 18. Bxb7 Nxb3 19. Qxb3 Rab8 20. Be4 Na6
21. Qc2 Nc5 22. Bxh7+ Kxh7 23. d4+ Kg8 24. dxc5 bxc5 25. Red1 Qb7 26. Rd6 Rdc8
27. Rcd1 g6 28. R1d2 c4 29. R6d4 Qc6 30. Rf4 Rb5 31. Rd6 Qb7 32. Rxc4 Rxc4 33.
Qxc4 Rxb2 34. Qc6 Qxc6 35. Rxc6 Rb5 36. Ra6 Rxe5 37. Rxa7 Re1+ 38. Kg2 Ra1 39.
h4 Kg7 40. Kf3 Kf6 41. g4 Rh1 42. g5+ Kg7 43. Kg3 Rg1+ 44. Kh2 Ra1 45. a4 Ra3
46. Kg2 Kg8 47. f4 Kg7 48. a5 Kg8 49. a6 Kg7 50. Kf2 Ra2+ 51. Ke3 Ra4 52. Kf3
Kg8 53. Ra8+ Kh7 54. Kg3 Kg7 55. Ra7 Ra3+ 56. Kf2 Kg8 57. Ke2 Ra4 58. Kd3 Kg7
59. Kc3 Rxf4 60. Rb7 Rxh4 61. a7 Ra4 62. Kb3 Ra1 63. Kc4 Ra2 64. Kc5 Ra3 65.
Kd6 Ra2 66. Kc7 e5 67. Kb8 1-0

[Event "SV Wattenscheid 1 - SG Bochum 1"]
[Site "Oberliga NRW 2018/2019"]
[Date "2018.11.18"]
[Round "3.4"]
[White "Franke, Johannes"]
[Black "Schlawin, Marlon"]
[Result "1-0"]
[WhiteElo "2274"]
[BlackElo "2286"]
[Annotator "Daniel"]
[PlyCount "107"]
[EventDate "2018.??.??"]
[WhiteTeam "SV Wattenscheid 1"]
[BlackTeam "SG Bochum 1"]

1. d4 e6 2. Bf4 c5 3. e3 Qb6 4. b3 Nf6 5. c3 Nc6 6. Bd3 Nd5 7. dxc5 Qxc5 8. Ne2
Nxf4 9. exf4 Be7 10. c4 O-O 11. Nbc3 b6 12. O-O $11 Bb7 13. Ne4 Qa5 14. a3 Qh5
15. N4g3 Qh4 16. Be4 Rad8 17. Qd3 f5 18. Bf3 g5 19. Bxc6 Bxc6 20. Qe3 Bd6 21.
Qd4 Bxf4 22. Nxf4 Qxf4 23. Qc3 Qh4 24. f3 Qh6 25. Rad1 Qf6 26. Qb4 Qf7 27. Rd6
h5 28. Ne2 Qe7 29. Rfd1 Rde8 30. Nd4 Bb7 31. Nb5 a5 32. Qd2 Bc6 33. Na7 f4 34.
Qd4 e5 35. Qxb6 Rf6 36. Nxc6 dxc6 37. Qxc6 Ref8 38. Qd5+ Kh8 39. c5 g4 40. Re1
Re8 41. Rd7 Qe6 42. Qxe6 Rfxe6 43. Kf2 Rb8 44. Rd3 Kg7 45. Rc1 Kf6 46. c6 Rc8
47. c7 Re7 48. Rd6+ Kf5 49. Rdc6 e4 50. R1c5+ Re5 51. fxe4+ Kxe4 52. Rxe5+ Kxe5
53. b4 axb4 54. axb4 1-0

[Event "SV Wattenscheid 1 - SG Bochum 1"]
[Site "Oberliga NRW 2018/2019"]
[Date "2018.11.18"]
[Round "3.6"]
[White "Wengenroth, Walter"]
[Black "Werthebach, Felix"]
[Result "1/2-1/2"]
[WhiteElo "2223"]
[BlackElo "2139"]
[PlyCount "121"]
[EventDate "2018.??.??"]
[WhiteTeam "SV Wattenscheid 1"]
[BlackTeam "SG Bochum 1"]

1. e4 c5 2. Nf3 e6 3. d4 cxd4 4. Nxd4 Nf6 5. Nc3 d6 6. f4 a6 7. Qf3 Qc7 8. g4
Nc6 9. Nb3 b5 10. g5 Nd7 11. Be3 Bb7 12. O-O-O Rc8 13. Bd3 Nb4 14. Kb1 d5 15.
Rc1 Nc5 16. Bxc5 Bxc5 17. a3 Nxd3 18. cxd3 Qb6 19. exd5 O-O 20. Rhe1 Bd4 21.
Nxd4 Qxd4 22. Qe3 Qxe3 23. Rxe3 exd5 24. Re7 Bc6 25. Ne2 Rfd8 26. Nd4 Bd7 27.
Rxc8 Bxc8 28. Nc6 Kf8 29. Rxf7+ Kxf7 30. Nxd8+ Kg6 31. Nc6 Bb7 32. Nd4 Kh5 33.
Kc2 Kg4 34. Kd2 Kxf4 35. Ne6+ Kf5 36. Nxg7+ Kxg5 37. Ke3 Kf6 38. Nh5+ Kg5 39.
Ng3 Kg4 40. Kd4 h5 41. Ke3 h4 42. Nf1 Bc8 43. Kf2 Kf4 44. Ne3 Be6 45. Nc2 a5
46. Nd4 Bd7 47. Ne2+ Kg4 48. Nd4 Be8 49. Nb3 Bg6 50. Nxa5 Bxd3 51. Nc6 Kf4 52.
b3 Bf5 53. Ne7 Be4 54. a4 bxa4 55. bxa4 d4 56. Nc8 Ke5 57. Nb6 Kd6 58. Ke2 Kc5
59. Nd7+ Kb4 60. Kd2 h3 61. a5 1/2-1/2

[Event "SV Wattenscheid 1 - SG Bochum 1"]
[Site "Oberliga NRW 2018/2019"]
[Date "2018.11.18"]
[Round "3.7"]
[White "Wuebker, Paul-Luca"]
[Black "Sandkamp, Ralph"]
[Result "0-1"]
[WhiteElo "2075"]
[BlackElo "2178"]
[Annotator "Daniel"]
[PlyCount "98"]
[EventDate "2018.??.??"]
[WhiteTeam "SG Bochum 1"]
[BlackTeam "SV Wattenscheid 1"]

1. d4 g6 2. c4 Bg7 3. Nc3 d6 4. e4 e5 5. dxe5 dxe5 6. Qxd8+ Kxd8 7. f4 c6 8.
fxe5 Nd7 9. Bg5+ Ke8 10. O-O-O h6 11. Bh4 g5 12. Bg3 Nxe5 13. Nf3 Nxf3 14. gxf3
Ne7 15. Ne2 Ng6 16. h4 Be6 17. Nd4 Rd8 18. Nxe6 Rxd1+ 19. Kxd1 fxe6 20. hxg5
hxg5 $11 21. Rxh8+ Bxh8 22. b4 Bd4 23. Kc2 c5 24. a3 Nf4 25. Kb3 Kd7 26. Ka4
Kc6 27. Be1 e5 28. Kb3 Kd6 29. Kc2 Kc6 30. Kb3 Kd6 31. Ka4 Kc6 32. Bd2 Kb6 33.
bxc5+ Bxc5 34. Ba5+ Kc6 35. Bd8 Ne6 36. Bf6 Be3 37. Kb3 Nd4+ 38. Kc3 Nxf3 39.
Be2 g4 40. Kd3 Bf4 41. Bxf3 gxf3 42. Bh4 Bc1 43. a4 Bb2 44. Ke3 Kc5 45. Kxf3
Kxc4 46. Kg4 Kb4 47. Kf5 Kxa4 48. Bf6 b5 49. Bxe5 Bxe5 0-1

[Event "SV Wattenscheid 1 - SG Bochum 1"]
[Site "Oberliga NRW 2018/2019"]
[Date "2018.11.18"]
[Round "3.8"]
[White "Hirsch, Stefan"]
[Black "Tkachuk, Sergij"]
[Result "1-0"]
[WhiteElo "2125"]
[BlackElo "2178"]
[PlyCount "101"]
[EventDate "2018.??.??"]
[WhiteTeam "SV Wattenscheid 1"]
[BlackTeam "SG Bochum 1"]

1. e4 c5 2. b3 Nc6 3. Bb2 d6 4. Bb5 e5 5. Ne2 f5 6. exf5 Bxf5 7. Ng3 Be6 8. O-O
Nf6 9. f4 exf4 10. Nh5 Nxh5 11. Qxh5+ Bf7 12. Qf3 Qd7 13. d4 cxd4 14. Qxf4 Be6
15. Bxd4 a6 16. Bxc6 bxc6 17. Nd2 O-O-O 18. Bb6 Re8 19. Qa4 Qb7 20. Qa5 Be7 21.
Rae1 Bf6 22. Ne4 Be5 23. Ng5 h6 24. Rxe5 hxg5 25. Rxg5 Rhf8 26. Rxf8 Rxf8 27.
Bd4 Rf7 28. Rg6 Re7 29. Bxg7 Qa7+ 30. Kh1 Qe3 31. Qxa6+ Kc7 32. Qf1 Bf5 33. Rg3
Qd2 34. Bc3 Qxc2 35. h3 Be4 36. a4 c5 37. b4 Qxa4 38. bxc5 dxc5 39. Qf4+ Kd7
40. Kh2 Qc6 41. Rg5 Bd5 42. Be5 Rf7 43. Qd2 Ke7 44. Bg3 Be6 45. Qe3 c4 46. Rc5
Qa6 47. Bh4+ Ke8 48. Qe5 Rf5 49. Qc7 Kf8 50. Rxf5+ Bxf5 51. Qc5+ 1-0

[Event "SC Siegburg 1 - SV Erkenschwick 1"]
[Site "Oberliga NRW 2018/2019"]
[Date "2018.11.18"]
[Round "3.1"]
[White "Jens, Jelmer"]
[Black "Jackelen, Thomas"]
[Result "1/2-1/2"]
[WhiteElo "2399"]
[BlackElo "2372"]
[PlyCount "44"]
[EventDate "2018.??.??"]
[WhiteTeam "SV Erkenschwick 1"]
[BlackTeam "SC Siegburg 1"]

1. e4 e6 2. d4 d5 3. Nc3 Nf6 4. e5 Nfd7 5. f4 c5 6. Nf3 Nc6 7. Be3 Be7 8. Qd2
a6 9. dxc5 Nxc5 10. O-O-O Qa5 11. Kb1 b5 12. Bd3 Bd7 13. Nd4 Nb4 14. a3 Nbxd3
15. cxd3 Qc7 16. Rc1 Qb7 17. b4 Na4 18. Nxa4 bxa4 19. Ka2 O-O 20. Rc2 Rfc8 21.
Rhc1 Rxc2+ 22. Rxc2 Rc8 1/2-1/2

[Event "SC Siegburg 1 - SV Erkenschwick 1"]
[Site "Oberliga NRW 2018/2019"]
[Date "2018.11.18"]
[Round "3.2"]
[White "Zubarev, Alexander"]
[Black "Willemze, Thomas"]
[Result "1-0"]
[WhiteElo "2538"]
[BlackElo "2368"]
[PlyCount "53"]
[EventDate "2018.??.??"]
[WhiteTeam "SC Siegburg 1"]
[BlackTeam "SV Erkenschwick 1"]

1. e4 d5 2. exd5 Qxd5 3. Nc3 Qa5 4. g3 g6 5. Bg2 Bg7 6. Nge2 c6 7. O-O Nh6 8.
d4 O-O 9. Ne4 Rd8 10. c3 Bg4 11. h3 Bxe2 12. Qxe2 Nd7 13. Bg5 Re8 14. Rfe1 Kh8
15. a4 f5 16. Nd2 Nf7 17. Bxe7 Bf8 18. Qc4 Nfe5 19. Rxe5 Nxe5 20. Bf6+ Bg7 21.
dxe5 Bxf6 22. exf6 Qd8 23. Qf7 Rg8 24. Nf3 Rc8 25. Ng5 Rc7 26. Re1 Rf8 27. Re7
1-0

[Event "SC Siegburg 1 - SV Erkenschwick 1"]
[Site "Oberliga NRW 2018/2019"]
[Date "2018.11.18"]
[Round "3.3"]
[White "Erwich, Frank"]
[Black "Schmidt, Bodo"]
[Result "1-0"]
[WhiteElo "2324"]
[BlackElo "2289"]
[PlyCount "81"]
[EventDate "2018.??.??"]
[WhiteTeam "SV Erkenschwick 1"]
[BlackTeam "SC Siegburg 1"]

1. c4 c6 2. e4 d5 3. exd5 cxd5 4. cxd5 Nf6 5. Nc3 Nxd5 6. Nf3 Nc6 7. d4 e6 8.
Bd3 Be7 9. O-O O-O 10. Re1 Qd6 11. a3 Nxc3 12. bxc3 Rd8 13. Ng5 h6 14. Ne4 Qc7
15. Qg4 Kf8 16. Re3 f5 17. Qg6 fxe4 18. Bxe4 Bf6 19. a4 Qf7 20. Ba3+ Ne7 21.
Qh7 Ke8 22. d5 Qg8 23. Qxg8+ Nxg8 24. Bg6+ Kd7 25. dxe6+ Kc7 26. e7 Nxe7 27.
Bxe7 Rd5 28. Bxf6 gxf6 29. Re8 Rd8 30. Re7+ Rd7 31. Rae1 Rxe7 32. Rxe7+ Bd7 33.
Bf5 Rd8 34. g4 Kd6 35. Rxd7+ Rxd7 36. Bxd7 Kxd7 37. f4 Kd6 38. h4 Kd5 39. Kf2
Ke4 40. Kg3 a5 41. c4 1-0

[Event "SC Siegburg 1 - SV Erkenschwick 1"]
[Site "Oberliga NRW 2018/2019"]
[Date "2018.11.18"]
[Round "3.4"]
[White "Andreev, Eduard"]
[Black "Van Beek, Alexander"]
[Result "1-0"]
[WhiteElo "2390"]
[BlackElo "2269"]
[PlyCount "73"]
[EventDate "2018.??.??"]
[WhiteTeam "SC Siegburg 1"]
[BlackTeam "SV Erkenschwick 1"]

1. e4 e5 2. Nf3 Nc6 3. Bc4 Bc5 4. O-O Nf6 5. d3 O-O 6. Re1 Ng4 7. Re2 Kh8 8. h3
f5 9. Bg5 Nf6 10. exf5 d5 11. Bb5 Nd4 12. Nxd4 exd4 13. g4 Qd6 14. Nd2 Qb6 15.
Ba4 Qxb2 16. Bb3 c6 17. Nf3 Qa3 18. Bc1 Qa5 19. Bb2 Qb6 20. a4 a5 21. Qd2 Bd7
22. Qf4 Rae8 23. Rae1 Bb4 24. Rxe8 Nxe8 25. Re2 Bc3 26. Ba3 Bb4 27. Bxb4 Qxb4
28. Qxd4 Qxd4 29. Nxd4 g6 30. Re7 Bc8 31. fxg6 hxg6 32. Nf3 Ng7 33. Ne5 Kh7 34.
d4 Re8 35. Rc7 Kg8 36. Nxg6 Ne6 37. Rxc8 1-0

[Event "SC Siegburg 1 - SV Erkenschwick 1"]
[Site "Oberliga NRW 2018/2019"]
[Date "2018.11.18"]
[Round "3.8"]
[White "Kolkin, Michail"]
[Black "Eggenstein, Frank"]
[Result "1-0"]
[WhiteElo "2306"]
[BlackElo "1930"]
[PlyCount "44"]
[EventDate "2018.??.??"]
[WhiteTeam "SC Siegburg 1"]
[BlackTeam "SV Erkenschwick 1"]

1. Nf3 g6 2. e4 Bg7 3. d4 d6 4. Nc3 Nf6 5. Be2 O-O 6. O-O Nc6 7. h3 e5 8. Be3
exd4 9. Nxd4 Re8 10. Nxc6 bxc6 11. Bd3 d5 12. exd5 cxd5 13. Bd4 c6 14. Na4 Qc7
15. c4 Ng4 16. hxg4 Bxd4 17. cxd5 Qf4 18. Qc1 Qxg4 19. Qd2 Qg3 20. Rfe1 Rxe1+
21. Rxe1 Bh3 22. Be4 Bxg2 1-0

[Event "Klub Kölner SF 1 - SK Münster 1"]
[Site "Oberliga NRW 2018/2019"]
[Date "2018.11.18"]
[Round "3.1"]
[White "Webb, Laurence"]
[Black "Strohhaeker, Raoul"]
[Result "0-1"]
[WhiteElo "2287"]
[BlackElo "2416"]
[PlyCount "88"]
[EventDate "2018.??.??"]
[WhiteTeam "SK Münster 1"]
[BlackTeam "Klub Kölner SF 1"]

1. d4 d5 2. c4 c6 3. Nf3 Nf6 4. Nc3 dxc4 5. a4 Bf5 6. Ne5 Nbd7 7. Nxc4 Nb6 8.
e3 e6 9. Be2 Nxc4 10. Bxc4 Bd6 11. Qe2 e5 12. e4 Bg4 13. f3 exd4 14. fxg4 dxc3
15. O-O O-O 16. bxc3 Qe7 17. Rb1 b6 18. Bg5 Qe5 19. Bf4 Bc5+ 20. Kh1 Qxe4 21.
Rbe1 Qxe2 22. Rxe2 Nxg4 23. h3 Nf6 24. Be5 Nd5 25. Bxd5 cxd5 26. Rd2 f6 27. Bg3
Rfd8 28. Rfd1 Kf7 29. Rxd5 Rxd5 30. Rxd5 Ke6 31. Rd3 Rc8 32. Kh2 Be7 33. Re3+
Kf7 34. Rd3 Rd8 35. Rxd8 Bxd8 36. c4 Ke6 37. Bb8 Kd7 38. Bxa7 Bc7+ 39. g3 Kc6
40. a5 bxa5 41. Kg2 a4 42. Bd4 a3 43. Kf3 a2 44. Ke4 Be5 0-1

[Event "Klub Kölner SF 1 - SK Münster 1"]
[Site "Oberliga NRW 2018/2019"]
[Date "2018.11.18"]
[Round "3.2"]
[White "Morawietz, Dieter"]
[Black "Holtel, Jasper"]
[Result "1-0"]
[WhiteElo "2370"]
[BlackElo "2227"]
[PlyCount "65"]
[EventDate "2018.??.??"]
[WhiteTeam "Klub Kölner SF 1"]
[BlackTeam "SK Münster 1"]

1. e4 c5 2. Nf3 d6 3. Nc3 a6 4. g3 Nf6 5. e5 dxe5 6. Nxe5 Nbd7 7. d4 e6 8. Be3
Qc7 9. Qe2 cxd4 10. Bxd4 Bc5 11. Bxc5 Qxc5 12. Nd3 Qc6 13. Rg1 O-O 14. O-O-O
Rb8 15. g4 Nd5 16. Nxd5 Qxd5 17. Kb1 e5 18. g5 Re8 19. Bg2 Qb5 20. Be4 Nf8 21.
h4 Bd7 22. h5 Bc6 23. Rg4 Rbd8 24. Re1 Bxe4 25. Rxe4 Nd7 26. Qe3 f5 27. gxf6
Nxf6 28. Rxe5 Rxe5 29. Qxe5 Qc6 30. Qf5 Rd5 31. Ne5 Qd6 32. Qc8+ Qd8 33. Qe6+
1-0

[Event "Klub Kölner SF 1 - SK Münster 1"]
[Site "Oberliga NRW 2018/2019"]
[Date "2018.11.18"]
[Round "3.3"]
[White "Wolter, Kai"]
[Black "Helbig, Mark"]
[Result "1-0"]
[WhiteElo "2251"]
[BlackElo "2336"]
[PlyCount "71"]
[EventDate "2018.??.??"]
[WhiteTeam "SK Münster 1"]
[BlackTeam "Klub Kölner SF 1"]

1. e4 d5 2. exd5 Qxd5 3. Nc3 Qd6 4. d4 Nf6 5. Nf3 c6 6. g3 Bg4 7. Bg2 e6 8. O-O
Be7 9. Bf4 Qd8 10. h3 Bxf3 11. Bxf3 O-O 12. Re1 Nbd7 13. Qd3 Nb6 14. Ne4 Re8
15. Rad1 Nbd5 16. Bd2 b5 17. b3 Qb6 18. c4 Nxe4 19. Qxe4 bxc4 20. bxc4 Nf6 21.
Qxc6 Rab8 22. Bf4 Rbc8 23. Qxb6 axb6 24. Rc1 Ba3 25. Rc2 Rcd8 26. Be3 e5 27. d5
Nd7 28. Rb1 Rb8 29. Bg4 Nc5 30. Rc3 Ra8 31. Rxb6 Na4 32. Rxa3 Nxb6 33. Rxa8
Nxa8 34. d6 g6 35. d7 Rd8 36. Bg5 1-0

[Event "Klub Kölner SF 1 - SK Münster 1"]
[Site "Oberliga NRW 2018/2019"]
[Date "2018.11.18"]
[Round "3.4"]
[White "Bayer, Ernst-Wolfgang"]
[Black "Wilde, Pierre"]
[Result "1/2-1/2"]
[WhiteElo "2218"]
[BlackElo "2212"]
[Annotator "Daniel"]
[PlyCount "114"]
[EventDate "2018.??.??"]
[WhiteTeam "Klub Kölner SF 1"]
[BlackTeam "SK Münster 1"]

1. f4 d6 2. d4 Nf6 3. g3 Bf5 4. Bg2 Qc8 5. Nc3 e5 6. d5 exf4 7. gxf4 g6 8. h3
Bg7 9. e4 Bd7 10. Be3 O-O 11. Qd2 Re8 12. Nge2 b5 13. Ng3 b4 14. Nd1 Qb7 15.
Nf2 c6 $11 16. O-O cxd5 17. exd5 a5 18. f5 Bb5 19. Rfe1 Nbd7 20. fxg6 hxg6 21.
Nge4 Nxe4 22. Nxe4 Qc7 23. Bd4 Ne5 24. Rad1 Qe7 25. Qf4 Bd7 26. c3 Rac8 27. Rf1
f5 28. Ng5 Bh6 29. h4 Nf7 30. Qh2 Bxg5 31. hxg5 Qxg5 32. Rd3 Re5 33. Rg3 Qf6
34. Bxe5 dxe5 35. Qh5 Kg7 36. Qf3 Nd6 37. cxb4 axb4 38. Qb3 Rc4 39. a3 f4 40.
axb4 e4 41. Rc3 Qd4+ 42. Kh1 f3 43. Bxf3 exf3 44. Rxc4 Nxc4 45. Qxf3 Bf5 46.
Qc3 Be4+ 47. Kh2 Qxc3 48. bxc3 Bxd5 49. b5 Kh6 50. Rf8 Kg5 51. Kg3 Nd6 52. Rd8
Ne4+ 53. Kh2 Nxc3 54. b6 Be4 55. Rd7 Na4 56. b7 Bxb7 57. Rxb7 Nc3 1/2-1/2

[Event "Klub Kölner SF 1 - SK Münster 1"]
[Site "Oberliga NRW 2018/2019"]
[Date "2018.11.18"]
[Round "3.6"]
[White "Ludwig, Peter"]
[Black "Chilla, Jan Eric"]
[Result "1-0"]
[WhiteElo "2153"]
[BlackElo "2206"]
[PlyCount "143"]
[EventDate "2018.??.??"]
[WhiteTeam "Klub Kölner SF 1"]
[BlackTeam "SK Münster 1"]

1. Nf3 Nf6 2. g3 d5 3. Bg2 e6 4. O-O c5 5. d4 cxd4 6. Nxd4 e5 7. Nb3 Be6 8. Bg5
Nbd7 9. e4 dxe4 10. Nc3 Qc7 11. Nxe4 Nxe4 12. Bxe4 h6 13. Bd2 Rb8 14. Ba5 b6
15. Bc3 Be7 16. Qf3 O-O 17. Rfe1 Rbd8 18. Rad1 Rfe8 19. Bd3 Bf8 20. h4 g6 21.
h5 f5 22. Bb5 g5 23. g4 e4 24. Qe3 Bxb3 25. axb3 Bc5 26. Qh3 f4 27. Qf1 f3 28.
Qc4+ Kf8 29. Bd4 Qf4 30. Bxd7 Rxd7 31. Bxc5+ bxc5 32. Qxc5+ Kg8 33. Qf5 Qxf5
34. gxf5 Rxd1 35. Rxd1 Kf7 36. Rd6 Re5 37. Rxh6 Rxf5 38. Ra6 Rd5 39. Rxa7+ Kg8
40. Re7 Rd1+ 41. Kh2 Rf1 42. Rxe4 Rxf2+ 43. Kg3 Rxc2 44. Kxf3 Rxb2 45. Rb4 Rh2
46. Rb8+ Kg7 47. Kg4 Rg2+ 48. Kh3 Rg1 49. Rb6 Kh7 50. b4 Kg7 51. b5 Kh7 52. Rg6
Kh8 53. b6 Rb1 54. Kg4 Rb5 55. Rc6 Kg7 56. h6+ Kh7 57. Kh5 g4+ 58. Kxg4 Kh8 59.
Kf4 Kh7 60. Ke4 Kg8 61. Rf6 Kh8 62. Kd4 Kg8 63. Kc4 Rb1 64. Kc5 Kh8 65. Kc6
Rc1+ 66. Kd7 Rb1 67. Kc7 Kh7 68. b7 Rc1+ 69. Rc6 Rd1 70. b8=Q Rd7+ 71. Kb6 Rf7
72. Rc7 1-0

[Event "Klub Kölner SF 1 - SK Münster 1"]
[Site "Oberliga NRW 2018/2019"]
[Date "2018.11.18"]
[Round "3.7"]
[White "Kamp, Christoph"]
[Black "Wisskirchen, Andreas"]
[Result "1-0"]
[WhiteElo "2235"]
[BlackElo "2202"]
[PlyCount "81"]
[EventDate "2018.??.??"]
[WhiteTeam "SK Münster 1"]
[BlackTeam "Klub Kölner SF 1"]

1. c4 Nf6 2. Nc3 g6 3. e4 d6 4. d4 Bg7 5. Be2 O-O 6. Nf3 e5 7. O-O Nbd7 8. Qc2
c6 9. Rd1 Qc7 10. Rb1 a5 11. b3 Re8 12. a3 Nf8 13. d5 cxd5 14. Nxd5 Nxd5 15.
Rxd5 Be6 16. Rd2 Bh6 17. Rd1 Bxc1 18. Rbxc1 Bg4 19. Ng5 Qe7 20. Bxg4 Qxg5 21.
Bh3 Ra6 22. a4 Ne6 23. Bxe6 Rxe6 24. Rd5 f5 25. Rcd1 fxe4 26. Qxe4 Qf4 27. Qxf4
exf4 28. Rb5 b6 29. Kf1 Kf7 30. Rd4 Rf6 31. Ke2 h6 32. h4 Ke6 33. Kf3 Rf5 34.
Re4+ Kd7 35. Rxf5 gxf5 36. Rd4 Ra8 37. Rd5 Re8 38. Rxf5 Re1 39. Rb5 Kc6 40.
Kxf4 Re2 41. Kf3 1-0

[Event "Klub Kölner SF 1 - SK Münster 1"]
[Site "Oberliga NRW 2018/2019"]
[Date "2018.11.18"]
[Round "3.8"]
[White "Schmidt, Martin"]
[Black "Rott, Georg"]
[Result "1-0"]
[WhiteElo "2204"]
[BlackElo "2126"]
[PlyCount "137"]
[EventDate "2018.??.??"]
[WhiteTeam "Klub Kölner SF 1"]
[BlackTeam "SK Münster 1"]

1. e4 e6 2. d4 d5 3. Nc3 Bb4 4. e5 c5 5. a3 Bxc3+ 6. bxc3 Ne7 7. h4 Nbc6 8. h5
h6 9. Nf3 Nf5 10. g4 Nfe7 11. a4 Qa5 12. Bd2 Qc7 13. Qc1 Bd7 14. Qa3 c4 15. Nh4
O-O-O 16. f4 f6 17. Be2 Be8 18. O-O-O Kb8 19. Rdf1 Nc8 20. f5 fxe5 21. fxe6 Rd6
22. Ng6 Bxg6 23. hxg6 Rxe6 24. Rf7 N8e7 25. Rhf1 Qd8 26. dxe5 Nxg6 27. Rxg7
Ngxe5 28. Bf4 Ka8 29. Bg3 d4 30. Qb2 Re7 31. Rxe7 Qxe7 32. cxd4 Nxg4 33. d5
Qe3+ 34. Kb1 c3 35. Qb5 Nd4 36. Qc5 Qxg3 37. Qxd4 Ne5 38. Rf3 Qe1+ 39. Bd1 Re8
40. Rxc3 Nd7 41. Ka2 Kb8 42. Bg4 Qe5 43. Qxe5+ Nxe5 44. Be6 b6 45. Kb3 a5 46.
Rh3 Rh8 47. Re3 Ng6 48. Bf5 Nf4 49. Kc4 Rf8 50. Be6 Kc7 51. Kb5 Rd8 52. c4 Re8
53. Rf3 Rf8 54. Re3 h5 55. c5 bxc5 56. Kxc5 Re8 57. Re4 Nxe6+ 58. dxe6 h4 59.
Kd5 Rh8 60. Rc4+ Kb6 61. Kd6 h3 62. Rc1 h2 63. Rb1+ Ka6 64. e7 Ka7 65. Kd7 h1=Q
66. Rxh1 Rxh1 67. e8=Q Rh7+ 68. Kc6 Rb7 69. Qd8 1-0